Migración humana y cambio climático /
Con fotografías de gran formato acompañadas de textos breves se revisa la relación entre el cambio climático y la migración humana, en dos direcciones: cómo afecta al medio ambiente la migración y cómo las alteraciones en el clima obligan a la población a desplazarse.
Saved in:
| Main Author: | |
|---|---|
| Other Authors: | , , , |
| Format: | Book |
| Language: | Español |
| Published: |
México :
Fundación BBVA Bancomer : América Natural,
2012, c2012
|
| Subjects: | |
| Tags: |
No Tags, Be the first to tag this record!
|
MARC
| LEADER | 00000nam^a2200000^a^4500 | ||
|---|---|---|---|
| 001 | 000341299 | ||
| 005 | 20250526000000.0 | ||
| 009 | 20260310114519.272 | ||
| 020 | |a 978-607-95049-1-5 | ||
| 037 | |a Acervo ITESO - Biblioteca | ||
| 041 | |a ESP | ||
| 082 | |a 304. 28 |b MAC | ||
| 100 | |a Macorra, Ximena de la |e (edición) | ||
| 245 | 1 | 0 | |a Migración humana y cambio climático / |c Ed. X. de la Macorra, J. Sandoval, A. Vizcaíno ; texto de D. Sagan... [et al.] ; pról. de S. Castles. |
| 264 | 4 | |a México : |b Fundación BBVA Bancomer : |b América Natural, |c 2012, c2012 | |
| 300 | |a 258 p. ; |c 32.0 cm. | ||
| 336 | |a texto |b txt |2 rdacontenido | ||
| 337 | |a sin mediación |b n |2 rdamedio | ||
| 338 | |a volumen |b nc |2 rdasoporte | ||
| 520 | |a Con fotografías de gran formato acompañadas de textos breves se revisa la relación entre el cambio climático y la migración humana, en dos direcciones: cómo afecta al medio ambiente la migración y cómo las alteraciones en el clima obligan a la población a desplazarse. | ||
| 649 | |a XX | ||
| 650 | |a Cambio Climático - |x Tema Principal | ||
| 650 | |a Migración - |x Tema Principal | ||
| 650 | |a Problemas Sociales | ||
| 650 | |a Desarrollo Sustentable | ||
| 650 | |a Ecología Social | ||
| 700 | |a Sandoval, Jorge |e (edición) | ||
| 700 | |a Vizcaíno, Antonio |e (edición) | ||
| 700 | |a Sagan, Doris |e (texto) | ||
| 700 | |a Castles, Stephen |e (prólogo) | ||
| 910 | |a Fondo General | ||
| 920 | |a Impresos - Libros | ||
| 930 | |a Libros Antiguos y Raros | ||
| 905 | |a 108 | ||
| 901 | |a 0500231199 |b IT2 |c LRA |i C140693 |u 20250526 | ||
| 902 | |a https://opac.biblio.iteso.mx/vufind/Record/000341299 | ||